00390nam a22001451a 45000010005000000030004000050050017000090080041000260500022000671000020000892450045001092640026001543000009001806500055001895422OSt20260204212014.0060119s19??||||dr ||||||b||||||||||spa|| aRD 972.9356 L814p aLockward, Angel aLas provincias del norte / Angel Locward aSanto Domingo : (S.N) a51 p a1.Historia Provincias del Norte de la Rep. Dom.Ì